| Tag |
First Indicator |
Second Indicator |
Subfields |
| LEADER |
00000cam a2200000Ia 4500 |
| 001 |
in00002783962 |
| 005 |
20151202171822.0 |
| 008 |
090319s2009 onc 000 1 eng d |
| 010 |
|
|
|a 2010414850
|
| 016 |
|
|
|a 20100021123
|
| 020 |
|
|
|a 9780778327394 :
|c $7.99
|
| 020 |
|
|
|a 0778327396
|
| 035 |
|
|
|a (OCoLC)ocn316828582
|
| 040 |
|
|
|a BTCTA
|c BTCTA
|d L@L
|d TOH
|d BLP
|d NLC
|d ABG
|d DLC
|d CKL
|d BDX
|d UtOrBLW
|
| 049 |
|
|
|a TXAM
|
| 050 |
1 |
4 |
|a PS3573.I38616
|b M34 2009
|
| 055 |
0 |
0 |
|a PR1309 L68
|b M5 no. 1105
|
| 082 |
0 |
4 |
|a 813/.54
|2 22
|
| 100 |
1 |
|
|a Wiggs, Susan.
|
| 245 |
1 |
4 |
|a The maiden's hand /
|c Susan Wiggs.
|
| 264 |
|
1 |
|a Don Mills, Ont. :
|b Mira,
|c [2009]
|
| 264 |
|
4 |
|c ©2009
|
| 300 |
|
|
|a 346 pages ;
|c 17 cm.
|
| 336 |
|
|
|a text
|b txt
|2 rdacontent
|
| 337 |
|
|
|a unmediated
|b n
|2 rdamedia
|
| 338 |
|
|
|a volume
|b nc
|2 rdacarrier
|
| 490 |
1 |
|
|a The Tudor rose trilogy ;
|v bk. 2
|
| 500 |
|
|
|a "Updated from the original publication, Vows made in wine," by HarperCollins, 1995.
|
| 520 |
|
|
|a Living an unrepentant life of pleasure and debauchery, rogue Oliver de Lacey attracts the attention of Mistress Lark, whose secret work with Protestant dissidents prompts her to thwart Oliver's imminent hanging.
|
| 651 |
|
0 |
|a Great Britain
|x History
|y Mary I, 1553-1558
|v Fiction.
|
| 655 |
|
7 |
|a Love stories.
|2 gsafd
|
| 655 |
|
7 |
|a Historical fiction.
|2 gsafd
|
| 700 |
1 |
|
|a Wiggs, Susan.
|t Vows made in wine.
|
| 800 |
1 |
|
|a Wiggs, Susan.
|t Tudor rose trilogy ;
|v bk. 2.
|
| 948 |
|
|
|a cataloged
|b h
|c 2012/12/14
|d c
|e ceaton
|f 2:22:31 pm
|
| 994 |
|
|
|a C0
|b TXA
|
| 999 |
|
|
|a MARS
|
| 999 |
f |
f |
|s 92d56b3f-4af8-3c80-a31d-73296721d840
|i c6d1676a-c6d6-39e5-b316-749cc4427a28
|t 0
|
| 952 |
f |
f |
|p normal
|a Texas A&M University
|b College Station
|c Sterling C. Evans Library
|d Evans: Library Stacks
|t 0
|e PS3573.I38616 M34 2009
|h Library of Congress classification
|i unmediated -- volume
|m A14841623466
|
| 998 |
f |
f |
|a PS3573.I38616 M34 2009
|t 0
|l Evans: Library Stacks
|